000 00295nam a22001337a 4500
041 _aENG
100 _aGhatak.A
245 _aQuantum Mechanics Theory And Applications
250 _aFourth Ed
260 _aDelhi
_bMacmillan
_c1998
300 _a677
650 _aFMP
856 _uFMP ( 43 )
999 _c1353
_d1353